[Event "UZB-ch"]
[Site "Tashkent"]
[Date "2024.04.26"]
[Round "14"]
[White "Fakhriddinxujaev, Umarxon"]
[Black "Bozorov, Javokhir"]
[Result "1-0"]
[WhiteElo "2085"]
[BlackElo "2024"]
[PlyCount "75"]
[EventDate "2024.04.20"]
[EventType "tourn (rapid)"]
[EventRounds "23"]
[EventCountry "UZB"]
[EventCategory "5"]
[SourceTitle "CB18_2024"]
[SourceDate "2024.05.01"]
[SourceVersion "1"]
[SourceVersionDate "2024.05.01"]
[SourceQuality "2"]

1. Nf3 d5 2. c4 Bg4 3. Qb3 Bxf3 4. Qxb7 Nd7 5. gxf3 d4 6. f4 e6 7. Bg2 Rb8 8. Qxa7 Bc5 9. Qa4 Qh4 10. e3 Bb4 11. 0-0 Ngf6 12. Qc6 Rg8 13. Qxc7 g5 14. f5 exf5 15. d3 Rb6 16. Qg3 Nh5 17. Qxh4 gxh4 18. Kh1 Ne5 19. Bh3 Nxd3 20. Bxf5 Nxc1 21. Rxc1 Rf6 22. e4 Nf4 23. a3 Nd3 24. Rf1 Be1 25. Nd2 Nxf2+ 26. Rxf2 Bxf2 27. b4 Be3 28. Nf3 d3 29. Rd1 d2 30. c5 Ke7 31. Nxh4 Bg5 32. Nf3 Bh6 33. b5 Ra8 34. c6 Kd8 35. Nxd2 Rd6 36. Rg1 Kc7 37. Nc4 Rd4 38. Ne5 1-0

[Event "UZB-ch"]
[Site "Tashkent"]
[Date "2024.04.25"]
[Round "11"]
[White "Begmuratov, Khumoyun"]
[Black "Fakhriddinxujaev, Umarxon"]
[Result "1-0"]
[WhiteElo "2385"]
[BlackElo "2085"]
[PlyCount "63"]
[EventDate "2024.04.20"]
[EventType "tourn (rapid)"]
[EventRounds "23"]
[EventCountry "UZB"]
[EventCategory "5"]
[SourceTitle "CB18_2024"]
[SourceDate "2024.05.01"]
[SourceVersion "1"]
[SourceVersionDate "2024.05.01"]
[SourceQuality "2"]

1. e4 c5 2. Nf3 d6 3. d4 cxd4 4. Nxd4 Nf6 5. Nc3 Nc6 6. Bg5 e6 7. Qd2 a6 8. 0-0-0 Bd7 9. Kb1 Be7 10. f4 b5 11. a3 h6 12. Bh4 b4 13. axb4 Nxb4 14. e5 Nfd5 15. Bxe7 Qxe7 16. Nxd5 Nxd5 17. Nf5 exf5 18. Qxd5 0-0 19. Qxd6 Qxd6 20. Rxd6 Be6 21. Bxa6 Ra7 22. Rhd1 Kh7 23. b4 Rb8 24. c3 g5 25. g3 Rba8 26. b5 Rc7 27. Kb2 Rc5 28. Rd8 Ra7 29. h4 Rac7 30. b6 R7c6 31. R1d6 Rxd6 32. exd6 1-0

[Event "UZB-ch"]
[Site "Tashkent"]
[Date "2024.04.24"]
[Round "9"]
[White "Vokhidov, Shamsiddin"]
[Black "Fakhriddinxujaev, Umarxon"]
[Result "1-0"]
[WhiteElo "2591"]
[BlackElo "2085"]
[PlyCount "57"]
[EventDate "2024.04.20"]
[EventType "tourn (rapid)"]
[EventRounds "23"]
[EventCountry "UZB"]
[EventCategory "5"]
[SourceTitle "CB18_2024"]
[SourceDate "2024.05.01"]
[SourceVersion "1"]
[SourceVersionDate "2024.05.01"]
[SourceQuality "2"]

1. e4 c5 2. Nf3 d6 3. d4 cxd4 4. Nxd4 Nf6 5. Nc3 Nc6 6. Bg5 e6 7. Qd3 a6 8. Nxc6 bxc6 9. 0-0-0 Be7 10. Qg3 e5 11. Be2 0-0 12. f4 Qc7 13. Rhf1 Kh8 14. Qh4 Ng8 15. Bxe7 Nxe7 16. f5 f6 17. g4 Rb8 18. Qg3 d5 19. exd5 Qb7 20. d6 Nd5 21. b3 Nf4 22. Bc4 a5 23. Ne4 a4 24. d7 Bxd7 25. Nc5 Qb4 26. Nxd7 Qxc4 27. bxc4 Ne2+ 28. Kd2 Nxg3 29. hxg3 1-0

[Event "UZB-ch"]
[Site "Tashkent"]
[Date "2024.04.22"]
[Round "5"]
[White "Abdisalimov, Abdimalik"]
[Black "Fakhriddinxujaev, Umarxon"]
[Result "1-0"]
[WhiteElo "2508"]
[BlackElo "2085"]
[PlyCount "77"]
[EventDate "2024.04.20"]
[EventType "tourn (rapid)"]
[EventRounds "23"]
[EventCountry "UZB"]
[EventCategory "5"]
[SourceTitle "CB18_2024"]
[SourceDate "2024.05.01"]
[SourceVersion "1"]
[SourceVersionDate "2024.05.01"]
[SourceQuality "2"]

1. Nf3 d5 2. c4 e6 3. g3 Nf6 4. Bg2 Be7 5. 0-0 0-0 6. b3 c5 7. cxd5 Nxd5 8. d4 Nc6 9. Bb2 cxd4 10. Nxd4 Nxd4 11. Bxd4 b6 12. Nd2 Bb7 13. Nc4 Rc8 14. Rc1 Bf6 15. Bxf6 Qxf6 16. e4 Nc3 17. e5 Nxd1 18. exf6 Bxg2 19. Kxg2 b5 20. Rfxd1 bxc4 21. fxg7 Kxg7 22. Rxc4 Rxc4 23. bxc4 Rc8 24. Rc1 Kf6 25. f4 Ke7 26. Kf3 Rb8 27. Rc2 h5 28. Kg2 a5 29. Kh3 Kd6 30. c5+ Kc6 31. Kh4 a4 32. Kxh5 a3 33. Rc3 Rh8+ 34. Kg5 Rxh2 35. Rxa3 Kxc5 36. Kf6 Rh7 37. Ra5+ Kd6 38. Rg5 Rh2 39. a4 1-0